Loading...
| Fine Arts - Classical Music | 6 | 16.67 | 100% | 33% | 33% |
| Fine Arts - Other Fine Arts | 6 | 20.00 | 100% | 67% | 33% |
| Fine Arts - Painting and Sculpture | 6 | 10.00 | 83% | 17% | 0% |
| Geography | 2 | 15.00 | 100% | 50% | 0% |
| History - American History | 7 | 14.29 | 86% | 57% | 0% |
| History - European History | 4 | 10.00 | 100% | 0% | 0% |
| History - Other History | 3 | 10.00 | 100% | 0% | 0% |
| History - World History | 8 | 12.50 | 88% | 38% | 0% |
| Literature - American Literature | 5 | 16.00 | 100% | 60% | 0% |
| Literature - British Literature | 5 | 14.00 | 100% | 20% | 20% |
| Literature - European Literature | 4 | 12.50 | 100% | 25% | 0% |
| Literature - World Literature | 5 | 12.00 | 100% | 0% | 20% |
| Mythology | 7 | 15.71 | 86% | 57% | 14% |
| Other Academic | 1 | 20.00 | 100% | 100% | 0% |
| Philosophy | 3 | 6.67 | 67% | 0% | 0% |
| Pop Culture | 1 | 10.00 | 100% | 0% | 0% |
| Religion | 6 | 11.67 | 83% | 33% | 0% |
| Science - Biology | 4 | 17.50 | 100% | 50% | 25% |
| Science - Chemistry | 4 | 17.50 | 100% | 75% | 0% |
| Science - Other Science | 4 | 15.00 | 75% | 50% | 25% |
| Science - Physics | 8 | 20.00 | 100% | 63% | 38% |
| Social Science | 5 | 14.00 | 100% | 40% | 0% |